000 00754nam a2200265 i 4500
001 C2-0333526
003 PPAK
005 20180728133506.0
008 150920s2015 my |||| ||||| | eng d
020 _a9789670775104
040 _aPPAK
_beng
_cPPAK
_erda
082 0 4 _a823
_223
090 0 0 _a823
_bMOH
_dK
100 0 _aMohd Yusof,
_eauthor
245 1 0 _aDark clouds
264 1 _aPuchong, Selangor :
_bWahwi Heritage ,
_c2015
300 _a55 pages ;
_c21 cm
336 _2rdacontent
_atext
337 _2rdamedia
_aunmediated
338 _2rdacarrier
_avolume
490 1 _aSunset mysteries and heritage
650 1 0 _aAdventure stories, English. ; Children's stories, English.
830 0 _aSunset mysteries and heritage
942 _ddc
_cB
999 _c132036
_d132036